00442 2200169 4500001002100000008004100021035002000062245006600082100001600148250000600164260004200170300001200212084001400224082000800238650001400246990001200260INLIS000000000000612 ind  a0010-0424000588 aSuplemen Sumber Belajar Olimpiade Geografi 1cDrs. Nurul Huda aHuda, Nurul a1 aJakarta :bBina Prestasi Insanic2014 a426 hlm a900 NUR s a900 aNon Fiksi a0722414